Пуассоновские процессы: пер. с англ.

Detaylı Bibliyografya
Yazar: Кингман Дж. Ф. Ч. Джон Франк Чарльз
Özet:Книга признанного мирового специалиста в области теории вероятностей, математической статистики и их приложений Дж. Кингмана представляет собой систематическое изложение классической теории пуассоновских процессов в произвольных пространствах. Книга предназначена как для начинающих изучение теории случайных процессов, так и для специалистов, поскольку сочетает ясное и красивое изложение основ теории с представлением новых идей, связанных прежде всего с разнообразными приложениями пуассоновских процессов к геометрии, теории массового обслуживания, экологии, генетике, астрономии и др.
Dil:Rusça
Baskı/Yayın Bilgisi: Москва, МЦНМО, 2007
Konular:
Materyal Türü: Kitap
KOHA link:https://koha.lib.tpu.ru/cgi-bin/koha/opac-detail.pl?biblionumber=150732

MARC

LEADER 00000nam0a2200000 4500
001 150732
005 20231101221516.0
010 |a 9785940573180 
035 |a (RuTPU)RU\TPU\book\163426 
090 |a 150732 
100 |a 20090114d2007 km y0rusy50 ca 
101 1 |a rus  |c eng 
102 |a RU 
105 |a a z 001zy 
200 1 |a Пуассоновские процессы  |e пер. с англ.  |f Дж. Ф. Ч. Кингман 
210 |a Москва  |c МЦНМО  |d 2007 
215 |a 136 с.  |c ил. 
320 |a Литература: с. 128-131. 
320 |a Предметный указатель: с. 132-133. 
330 |a Книга признанного мирового специалиста в области теории вероятностей, математической статистики и их приложений Дж. Кингмана представляет собой систематическое изложение классической теории пуассоновских процессов в произвольных пространствах. Книга предназначена как для начинающих изучение теории случайных процессов, так и для специалистов, поскольку сочетает ясное и красивое изложение основ теории с представлением новых идей, связанных прежде всего с разнообразными приложениями пуассоновских процессов к геометрии, теории массового обслуживания, экологии, генетике, астрономии и др. 
606 1 |a Пуассоновские процессы  |2 stltpush  |3 (RuTPU)RU\TPU\subj\67413  |9 83226 
610 1 |a случайные процессы 
610 1 |a случайные множества 
610 1 |a точки 
610 1 |a стохастические модели 
610 1 |a произвольные пространства 
610 1 |a процессы Кокса 
610 1 |a стохастическая геометрия 
610 1 |a случайные меры 
610 1 |a распределение Пуассона-Дирихле 
610 1 |a теория вероятностей 
610 1 |a математическая статистика 
675 |a 519.216  |v 3 
700 1 |a Кингман  |b Дж. Ф. Ч.  |g Джон Франк Чарльз 
801 1 |a RU  |b 63413507  |c 20090114  |g PSBO 
801 2 |a RU  |b 63413507  |c 20120411  |g PSBO 
942 |c BK